<?xml version="1.0" encoding="UTF-8"?><?xml-stylesheet type="text/xsl" href="static/style.xsl"?><OAI-PMH xmlns="http://www.openarchives.org/OAI/2.0/" xmlns:xsi="http://www.w3.org/2001/XMLSchema-instance" xsi:schemaLocation="http://www.openarchives.org/OAI/2.0/ http://www.openarchives.org/OAI/2.0/OAI-PMH.xsd"><responseDate>2026-04-17T01:15:04Z</responseDate><request verb="GetRecord" identifier="oai:www.recercat.cat:2445/43223" metadataPrefix="marc">https://recercat.cat/oai/request</request><GetRecord><record><header><identifier>oai:recercat.cat:2445/43223</identifier><datestamp>2025-12-05T09:23:42Z</datestamp><setSpec>com_2072_1057</setSpec><setSpec>col_2072_478799</setSpec><setSpec>col_2072_478917</setSpec></header><metadata><record xmlns="http://www.loc.gov/MARC21/slim" xmlns:dcterms="http://purl.org/dc/terms/" xmlns:xsi="http://www.w3.org/2001/XMLSchema-instance" xmlns:doc="http://www.lyncode.com/xoai" xsi:schemaLocation="http://www.loc.gov/MARC21/slim http://www.loc.gov/standards/marcxml/schema/MARC21slim.xsd">
   <leader>00925njm 22002777a 4500</leader>
   <datafield ind2=" " ind1=" " tag="042">
      <subfield code="a">dc</subfield>
   </datafield>
   <datafield ind2=" " ind1=" " tag="720">
      <subfield code="a">Nunes Martínez, Virginia</subfield>
      <subfield code="e">author</subfield>
   </datafield>
   <datafield ind2=" " ind1=" " tag="260">
      <subfield code="c">2013-05-08T07:18:52Z</subfield>
   </datafield>
   <datafield ind2=" " ind1=" " tag="260">
      <subfield code="c">2013-05-08T07:18:52Z</subfield>
   </datafield>
   <datafield ind2=" " ind1=" " tag="260">
      <subfield code="c">1996</subfield>
   </datafield>
   <datafield ind2=" " ind1=" " tag="260">
      <subfield code="c">2013-05-08T07:18:53Z</subfield>
   </datafield>
   <datafield ind2=" " ind1=" " tag="520">
      <subfield code="a">La cistinuria es una aminoaciduria que se transmite de forma autosómica rececesiva. Clínicamente se distinguen 3 formas de cistinuria, tipos I, II y III. Inicialmente identificamos un gen, implicado en el transporte de cistina y aminoácidos básicos, rBAT como responsable de esta enfermedad. Hasta la fecha se han identificado 22 mutaciotles en rBAT responsables de cistinuria. Mediante estudios de mutaciones y ligamiento genético en familias con cistinuria hemos podido demostrar que la enfermedad es heterogénea. Sólo la cistinuria de tipo I se debe a mutaciones en rBAT, mientras otros genes serán responsables de los tipos II y III. Actualmente estamos realizando estudios de exclusión genética en familias tipo no I, que nos permitirían asignar las regiones cromosómicas en las que se encuentran el gen o los genes responsables de cistinuria tipo II y/o III, paso previo para poder aislar y caracterizar dichos genes.</subfield>
   </datafield>
   <datafield tag="653" ind2=" " ind1=" ">
      <subfield code="a">Aminoàcids</subfield>
   </datafield>
   <datafield tag="653" ind2=" " ind1=" ">
      <subfield code="a">Malalties hereditàries</subfield>
   </datafield>
   <datafield tag="653" ind2=" " ind1=" ">
      <subfield code="a">Amino acids</subfield>
   </datafield>
   <datafield tag="653" ind2=" " ind1=" ">
      <subfield code="a">Genetic diseases</subfield>
   </datafield>
   <datafield ind2="0" ind1="0" tag="245">
      <subfield code="a">Base genética de la cistinuria, heterogeneidad genética</subfield>
   </datafield>
</record></metadata></record></GetRecord></OAI-PMH>